000 01080nam a22002777i 4500
001 IT\ICCU\CUB\0334973
003 ItRI
005 20260115232223.0
008 971205s1946 it |||||| ||||| |||||c
015 _2IT
_a1947 4125
024 7 0 _a294037
_2cubi
040 _bita
_cimportazione bologna sebina
041 7 _aita
_2ISO-639-2
100 1 _aHall, Radclyffe
_0IT\ICCU\CFIV\001539
_4aut
240 1 4 _aThe unlit lamp
_3IT\ICCU\CFI\0002044
_9Hall, Radclyffe
245 1 3 _aLa lampada spenta /
_cRadclyffe Hall.
260 _aMilano :
_bEd. dell'Orsa Maggiore,
_c1946
300 _a325 p., [1] c. di tav. :
_bill. ;
_c19 cm
500 _aVersione italiana di Mimi Oliva Lentati.
700 1 _aOliva Lentati, Mimì
_0IT\ICCU\LIAV\011377
790 1 _aHall, Marguerite Radclyffe
_3IT\ICCU\CFIV\153676
_zHall, Radclyffe
790 1 _aRadclyffe Hall, Marguerite
_3IT\ICCU\CFIV\165214
_zHall, Radclyffe
790 1 _aLentati Oliva, Maria
_3IT\ICCU\CFIV\187190
_zOliva Lentati, Mimì
830 0 _aCollezione dell'Orsa maggiore, Beta Merak
_0IT\ICCU\CUB\0326644
942 _2ddc
_cBK
_n0
999 _c19004
_d19004